000
00326nam a22001457a 4500
003
SGT
020
_a
978-81-937185-2-0
082
_a
615.53
_b
R18G
100
_a
GARG,NAVEEN
245
_a
A TEXT BOOK OF RASASHASTRA FOR MD
260
_a
DELHI
_b
CHAUKHAMBA PUB
_c
2018
300
_a
743
650
_a
AYURVEDA
942
_2
ddc
_c
BK
999
_c
16694
_d
16694